000 00460nam a22001817a 4500
003 LK-CoMWRAF
005 20231230135124.0
008 231117b |||||||| |||| 00| 0 eng d
020 _a9780143122609
040 _aLK-CoMWRAF
_dLK-CoMWRAF
_eLK-CoMWRAF
041 _aeng
082 _a823
_bCAR
100 _aCarré, John Le
245 _aA Small town in Germany
260 _aNew York :
_bPenguin Books,
_c2013.
650 _aEnglish Fiction
942 _cBK
999 _c4118
_d4118